000 00469nam a2200181Ia 4500
001 1933
005 20260306143805.0
008 260306t2004||||xx |||||||||||||| ||spa||
041 _aESP
082 _a158.1
_bS61
100 _aSmith, Benson
_eAUT
245 0 _aDescubra sus fortalezas en ventas:
_basí triunfan los vendedores más grandes del mundo
260 _c2004
300 _a288 páginas :
_c
650 _aGEN
654 _aCPS
942 _cLIB
_dJUS
_fJUS
_2ddc
_n
999 _c1933
_d1933